000 00340nam a2200145 i 4500
001 bg
100 1 _aSILEJKO, A. V.
245 0 _aOsnovy analogovoj vycislitelnoj techniki /
_cA.V. Silejko.
250 _aVyp. 2.
260 _aMoskva,
_c1971.
040 _cBPK
041 _apol
942 _cKS
008 s pl f |000 0 pol
999 _c9174
_d9174
856 _uhttp://koha.tu.koszalin.pl/cgi-bin/koha/opac-detail.pl?biblionumber=9174
_yKatalog online BPK